One Word Blitz Quiz Stats

 Plays Quiz Updated Jan 3, 2019

Score 0/22 Timer 03:00
6 Plays Today
Category Answer % Correct
Shakespeare PlaysOthello
92.2%
Pop-Tart FlavorsStrawberry
90.2%
Pixar MoviesCars
89.6%
James Bond FilmsGoldfinger
86.1%
Members of U2Bono
85.7%
Rock and Roll Hall of Fame BandsQueen
85.4%
Monopoly SpacesChance
82.6%
Stephen King NovelsCarrie
81.9%
Tony Best MusicalsHamilton
77.7%
Emmy Best Comedy ShowsVeep
76.5%
Tom Hanks MoviesBig
73.1%
Category Answer % Correct
California Cities (pop. 400,000+)Sacramento
72.8%
Beatles AlbumsHelp!
72.3%
OPEC Member CountriesIran
72.3%
Official Basketball PositionsCenter
65.7%
United States TerritoriesGuam
63.5%
States of AustraliaQueensland
59.9%
Michael Jackson #1 SinglesBad
53.5%
Roald Dahl BooksMatilda
50.8%
Emmy Best Drama ShowsLost
44.2%
Caribbean Lesser Antilles CountriesGrenada
42.8%
Original X-MenCyclops
41.5%

You're not logged in!

Compare scores with friends on all Sporcle quizzes.
OR
Log In

Sporcle TV

Today on Sporcle TV


Watch our educational content, quiz creation guides, and fun videos on Sporcle TV.

Show Comments

Extras

Top Quizzes Today


Score Distribution

Your Account Isn't Verified!

In order to create a playlist on Sporcle, you need to verify the email address you used during registration. Go to your Sporcle Settings to finish the process.

Report this User

Report this user for behavior that violates our Community Guidelines.

Details: